| 000 | 01395nam0a22003371 4500 | ||
|---|---|---|---|
| 001 | v19\rc\1866707 | ||
| 005 | 20100603173320.5 | ||
| 035 | _a(NLR Aleph) 005259538 | ||
| 090 |
_a5887341 _c5887341 |
||
| 100 | _a20080221d1910 |||y0rusy50 ca | ||
| 101 | 0 | _arus | |
| 102 | _aRU | ||
| 105 | _ay z |||a| | ||
| 200 | 1 |
_aРассказы о животных и людях _fА. Алтаев _gС рис.: Е.М. Бем, Е.Е. Гарнака и др. худож. |
|
| 205 | _a2-е изд. | ||
| 210 |
_aМосква _cРед. журн. "Юная Россия" _d1910 |
||
| 215 |
_a62, [1] с. _d23 |
||
| 225 | 1 | _aБиблиотека для семьи и школы | |
| 300 | _aПеред загл.: Маленьким детям | ||
| 300 | _aВ 1-м изд. кн. вышла под загл. "Рассказы о животных" | ||
| 451 | 0 |
_12001#$aРассказы о животных _1205##$a1-е изд. |
|
| 700 | 1 |
_aАлтаев _f1872-1959 _gАл. _3RU\NLR\AUTH\7729704 _7ca |
|
| 702 | 1 |
_aБем _bЕ. М. _f1843-1914 _gЕлизавета Меркурьевна _3RU\NLR\AUTH\7781880 _4440 _7ca |
|
| 702 | 1 |
_aГарнак _bЕ. Е. _cхудожник _4440 |
|
| 801 | 0 |
_aRU _bNLR _c20080221 _gpsbo |
|
| 801 | 0 |
_aRU _bRuMoRGB _c20080221 _2psbo |
|
| 801 | 1 |
_aRU _bProSoft-M _c20080221 _2rusmarc |
|
| 801 | 2 |
_aRU _bNLR _c20100603 _2rusmarc |
|
| 852 |
_aNLR _j34.53.7.1184 |
||
| 942 | _cBOOK | ||
| 980 | _aNB | ||